000
00241nam a2200097Ia 4500
008
170619s9999 xx 000 0 und d
100
_a
David- Fred R
245
0
_a
Strategic management concept and cases
260
_b
New Delhi P H I
260
_c
2006
546
_a
ENGLISH
999
_c
22183
_d
22183